| 000 | 00490nam a2200145 i 4500 | ||
|---|---|---|---|
| 001 | 170400 | ||
| 003 | ES-MaACL | ||
| 005 | 20230906214357.0 | ||
| 008 | 090303s1953 fr |||| | fre d | ||
| 100 | 1 |
_aHédouville, Marthe de. _9139582 |
|
| 245 | 1 | 3 |
_aLa Comtesse de Ségur et les siens / _cpar Marthe de Hédouville. |
| 260 |
_aParis : _bÉditions du Conquistador, _c1953. |
||
| 300 |
_a323 p. ; _c23m. |
||
| 852 | 4 |
_aES-MaACL _jE-12467 _9R.140081 _z. - Biblioteca Jacinto Martínez Lacalle |
|
| 999 |
_c170400 _d170400 |
||